000 00514cam a2200193ua 4500
001 7967
008 161117n1984 II |||gr||||Z||||||eng
040 _aMAIN
041 _aEnglish
082 _a808 SIN
100 _aSINGHA , MAHENDRA NATH .,
_eAUTHOR.
245 _aA MANUAL OF RHETORIC AND PROSODY
250 _a2ND.
260 _aBAREILY
_bPRAKASH BOOK DEPOT
_c1984
300 _a164:
_c19CM.
653 _aRhetoric & collections of literature
700 _aSINGHA , MAHENDRA NATH .,
_eAUTHOR.,
942 _cBK
999 _c7949
_d7949